000 00568nam a2200217Ia 4500
999 _c28970
_d28970
003 0100
005 20190712102305.0
008 130303s9999 xx 000 0 und d
040 _cARRUPELIB
050 _aHD82.M44 1976
100 _aMeier, Gerald
_946946
245 _aLeading issues in economic development
250 _a3rd ed.
260 _aNew York
_bOxford University Press
_c1976
300 _axv
300 _b 862 p. 24 cm.
650 _aEconomic development
_99273
942 _2lcc
_cMONOGRAPH